Statistiken für Musik: Deutsche Bands und ihre Alben

Klicken Sie hier um das Quiz zu spielen!

Allgemein

  • Dieses Quiz wurde 226 mal gespielt
  • Das Durchschnittsergebnis liegt bei 7 aus 18

Antwortstatistiken

HintAntwort% Korrekt
Jazz ist andersDie Ärzte
54%
AutobahnKraftwerk
54%
Radio-AktivitätKraftwerk
54%
Berg ohne WiederkehrKastelruther Spatzen
52%
DolomitenfeuerKastelruther Spatzen
49%
Reise, ReiseRammstein
49%
Arbeit nervtDeichkind
47%
Die Mensch-MaschineKraftwerk
45%
Befehl von ganz untenDeichkind
44%
Die Bestie in MenschengestaltDie Ärzte
43%
Niveau weshalb warumDeichkind
42%
Runter mit den Spendierhosen, Unsichtbarer!Die Ärzte
40%
HerzeleidRammstein
40%
Liebe ist für alle daRammstein
37%
Macht LiebeRosenstolz
28%
Liebe für die EwigkeitKastelruther Spatzen
18%
Die Schlampen sind müdeRosenstolz
14%
KassengiftRosenstolz
13%

Verteilung der Resultate

Perzentil nach korrekt beantworteten Fragen

Anzahl Personen mit jedem Resultat

Ihre Resultats-Entwicklung

Sie haben dieses Quiz noch nicht gespielt